| 000 | 00636nam a2200217 a 4500 | ||
|---|---|---|---|
| 001 | BRCA_5369 | ||
| 005 | 20190320205041.0 | ||
| 008 | 081210s1939----nyua######---#000-0#eng-# | ||
| 041 | _aeng | ||
| 044 | _anyu | ||
| 050 | 4 |
_aND1170 _b.T74 1939 |
|
| 245 | 1 | 0 |
_aA treasury of art masterpieces _bfrom the Renaissance to the present day _cedited by Thomas Craven. |
| 260 |
_aNueva York _bSimon & Schuster _c1939 |
||
| 300 |
_a509 p. _bil. a color, 144 láminas _c33 cm. |
||
| 500 | _aE113 | ||
| 650 | 1 | 4 |
_aPinturas _99534 |
| 650 | 1 | 4 |
_aPintura _xHistoria _913743 |
| 700 | 1 |
_aCraven, Thomas _eEditor _913744 |
|
| 902 | _aGFM | ||
| 942 |
_2lcc _cB |
||
| 999 |
_c5063 _d5063 |
||